[Event "White Nights"]
[Site "St Petersburg RUS"]
[Date "2005.06.21"]
[Round "4"]
[White "Truskavetsky,A"]
[Black "Kostin,S"]
[Result "1-0"]
[WhiteElo "2374"]
[BlackElo "2275"]

1.d4 Nf6 2.c4 g6 3.Nc3 Bg7 4.e4 d6 5.Nf3 O-O 6.Be2 e5 7.O-O Nbd7 8.Re1 c6
9.Bf1 Qe7 10.Rb1 Rd8 11.d5 h6 12.b4 Nf8 13.a4 cxd5 14.cxd5 N6h7 15.Be3 f5
16.Nb5 fxe4 17.Nd2 Nf6 18.Bxa7 Bf5 19.Rb2 h5 20.Nc4 N8d7 21.Ncxd6 Bg4 22.Qb3 Kh7
23.Nxb7 Rdc8 24.Be3 Nb6 25.N7d6 Rcb8 26.Bxb6 Rxb6 27.Nxe4 Nxe4 28.Rxe4 Bf5
29.d6 Qg5 30.Re3 e4 31.Rc2 Rf8 32.Qd5 Qf6 33.a5 Be6 34.Qc5 Rbb8 35.a6 Qa1
36.Rxe4 Bf5 37.Rc1 Qxa6 38.Re7 Kh8 39.Nd4 Qa2 40.Rxg7 Kxg7 41.Qe5+ Kg8 42.Bc4+  1-0

[Event "Open"]
[Site "Voronezh RUS"]
[Date "2005.06.21"]
[Round "9"]
[White "Ajrapetian,G"]
[Black "Chukhno,I"]
[Result "0-1"]
[WhiteElo "2183"]
[BlackElo "2292"]

1.Nf3 Nf6 2.c4 g6 3.Nc3 Bg7 4.e4 d6 5.d4 O-O 6.Be2 e5 7.Be3 Ng4 8.Bg5 f6
9.Bh4 Nc6 10.h3 Nh6 11.dxe5 dxe5 12.Qb3 g5 13.Rd1 Qe8 14.Bg3 Nd8 15.c5+ Ne6
16.Nd5 Rf7 17.Qc2 c6 18.Ne3 Bf8 19.b4 Rg7 20.Bc4 Kh8 21.a3 b6 22.cxb6 axb6
23.Qb2 Rga7 24.Ra1 b5 25.Bxe6 Bxe6 26.O-O g4 27.hxg4 Nxg4 28.Nf5 Bxf5 29.exf5 Bh6
30.Rae1 Qh5 31.Qc2 Rg8 32.Qxc6 Rag7 33.Qe6 Bf4 34.Qd5  0-1

[Event "6th EICC"]
[Site "Warsaw POL"]
[Date "2005.06.21"]
[Round "4"]
[White "Guadalpi,D"]
[Black "Jaracz,P"]
[Result "0-1"]
[WhiteElo "2317"]
[BlackElo "2530"]

1.d4 Nf6 2.c4 g6 3.Nc3 Bg7 4.e4 d6 5.Nf3 O-O 6.Be2 e5 7.Be3 Nbd7 8.O-O c6
9.d5 c5 10.Ne1 Kh8 11.g4 Ng8 12.Qd2 f5 13.exf5 gxf5 14.gxf5 Ndf6 15.Bd3 Ne7
16.Qc2 Qe8 17.Ng2 Qh5 18.f3 Nxf5 19.Bxf5 Bxf5 20.Qd2 Rf7 21.Ne2 Qh3 22.Ng3 Bg6
23.Rae1 Raf8 24.Bg5 Nh5 25.Ne4 Rxf3 26.Rxf3 Rxf3 27.Nxd6 e4 28.Nb5 a6 29.d6 Rd3
30.Qa5 h6 31.Qd8+ Kh7 32.Nc3 hxg5  0-1

[Event "White Nights"]
[Site "St Petersburg RUS"]
[Date "2005.06.22"]
[Round "5"]
[White "Nikolaev,Y"]
[Black "Bystryakova,E"]
[Result "1-0"]
[WhiteElo "2080"]
[BlackElo "2177"]

1.Nf3 Nf6 2.c4 g6 3.Nc3 Bg7 4.e4 d6 5.d4 O-O 6.Be2 Na6 7.O-O e5 8.Be3 h6
9.dxe5 Ng4 10.Bd2 Nxe5 11.Nxe5 dxe5 12.Qc1 Kh7 13.Rd1 Qe7 14.Nd5 Qh4 15.f3 c6
16.Be1 Qd8 17.Ne3 Qe7 18.b4 Nxb4 19.c5 Na6 20.Bxa6 bxa6 21.Rd6 Rd8 22.Qc2 Rxd6
23.cxd6 Qxd6 24.Rd1 Qe6 25.Bb4 Bb7 26.Nc4 c5 27.Ba5 Bf8 28.Bc7 f6 29.Qa4 Qc6
30.Rd7+ Kh8 31.Qd1 Bc8 32.Rd8 Be6 33.Na5 Qxc7 34.Rxa8 Kg7 35.Qb1 Qxa5 36.Qb7+ Bf7
37.h3 Qb6 38.Qc8 Qd6 39.Rxa7 c4 40.Kh2 h5 41.Qe8 Kh6 42.Rxf7 Kg5 43.Rxf8 Qd2
44.h4+ Kf4 45.Qxg6 Ke3 46.Qh6+  1-0

[Event "White Nights"]
[Site "St Petersburg RUS"]
[Date "2005.06.22"]
[Round "5"]
[White "Altshul,R"]
[Black "Polyaninov,A"]
[Result "1/2-1/2"]
[WhiteElo "2277"]
[BlackElo "2409"]

1.d4 Nf6 2.c4 g6 3.Nc3 Bg7 4.e4 O-O 5.Nf3 d6 6.Be2 e5 7.d5 a5 8.Bg5 h6 9.Bh4 Na6
10.Nd2 Qe8 11.Bxf6 Bxf6 12.Bg4 h5 13.Bxc8  1/2-1/2

[Event "White Nights"]
[Site "St Petersburg RUS"]
[Date "2005.06.23"]
[Round "6"]
[White "Mironovich,M"]
[Black "Hort,Ar"]
[Result "1/2-1/2"]
[WhiteElo "1973"]
[BlackElo "2125"]

1.d4 Nf6 2.c4 g6 3.Nc3 Bg7 4.e4 d6 5.Be2 O-O 6.Nf3 e5 7.d5 Nbd7 8.Bg5 h6
9.Bh4 g5 10.Bg3 Nc5 11.Nd2 a5 12.O-O Qd7 13.h3 Qe7 14.a3 a4 15.Qc2 Nh7 16.Bg4 Bxg4
17.hxg4 Nf6 18.f3 Qd7 19.Nd1 h5 20.gxh5 Nxh5 21.Bf2 Nf4 22.Bxc5 dxc5 23.Kf2 f6
24.Ne3 Kf7 25.Nf5 Rh8 26.Rh1 Rhg8 27.g3 Ng6 28.Rag1 Ne7 29.Nxe7 Kxe7 30.Nf1 g4
31.Ne3 gxf3 32.Nf5+ Kf7 33.Qd2  1/2-1/2

[Event "White Nights"]
[Site "St Petersburg RUS"]
[Date "2005.06.23"]
[Round "6"]
[White "Eliseev,Alexe"]
[Black "Nikolaev,Niki"]
[Result "1-0"]
[WhiteElo "2439"]
[BlackElo "2356"]

1.d4 Nf6 2.c4 g6 3.Nc3 Bg7 4.e4 d6 5.Be2 O-O 6.Nf3 e5 7.d5 Nbd7 8.Be3 Nc5
9.Nd2 a5 10.g4 c6 11.h4 Bd7 12.h5 Qb6 13.Na4 Qa7 14.Nxc5 dxc5 15.g5 Ne8 16.Bg4 Bxg4
17.Qxg4 Nd6 18.a4 cxd5 19.exd5 Qb6 20.b3 e4 21.Rc1 Rfe8 22.Rh3 Nf5 23.Kf1 Qb4
24.Nxe4 Qxb3 25.Kg2 Qb2 26.Re1 Qc2 27.Bxc5 Re5 28.hxg6 hxg6 29.Re2 Qd1 30.Rh1 Qd3
31.Rhe1 Rae8 32.f3 Qb3 33.f4  1-0

[Event "6th EICC"]
[Site "Warsaw POL"]
[Date "2005.06.23"]
[Round "6"]
[White "Huzman,A"]
[Black "Andreikin,D"]
[Result "1/2-1/2"]
[WhiteElo "2577"]
[BlackElo "2495"]

1.d4 Nf6 2.c4 g6 3.Nc3 Bg7 4.e4 d6 5.Nf3 O-O 6.Be2 e5 7.Be3 Nbd7 8.O-O exd4
9.Nxd4 Re8 10.f3 c6 11.Qd2 d5 12.exd5 cxd5 13.Rfd1 a6 14.cxd5 Nb6 15.Nb3 Nbxd5
16.Nxd5  1/2-1/2

[Event "19th Open Pula"]
[Site "Pula CRO"]
[Date "2005.06.24"]
[Round "7"]
[White "Jankovic,A"]
[Black "Ljubicic,F"]
[Result "1-0"]
[WhiteElo "2480"]
[BlackElo "2407"]

1.d4 Nf6 2.Nf3 g6 3.c4 Bg7 4.Nc3 d6 5.e4 O-O 6.Be2 e5 7.O-O exd4 8.Nxd4 Nc6
9.Be3 Re8 10.f3 Nh5 11.Qd2 Nxd4 12.Bxd4 Bxd4+ 13.Qxd4 Nf4 14.Rfd1 Bd7 15.Bf1 Ne6
16.Qd2 Bc6 17.b4 b6 18.Nd5 a5 19.Qb2 Bxd5 20.cxd5 Ng7 21.Bb5 Re5 22.Bc6 Rb8
23.bxa5 bxa5 24.Qc3 f5 25.Qxa5 fxe4 26.fxe4 Rxe4 27.Qc3 Qh4 28.Rf1 Nf5 29.Bd7 Nd4
30.Kh1 Qe7 31.Bh3 Rb5 32.a4 Rb3 33.Qd2 Rxh3 34.gxh3 Nb3 35.Qb2 Nxa1 36.Qb8+ Kg7
37.Qb2+ Qe5 38.Qf2 Qf5 39.Qxf5 gxf5 40.Rxa1 Rb4 41.a5 Rb7 42.a6 Ra7 43.Kg2 Kf6
44.Kf3 Ke5 45.Ra5 f4 46.h4 Kf5 47.h5 h6 48.h3 Ke5 49.Kf2 Ke4 50.Ke1 Kf3 51.Kf1 Kg3
52.Ra3+ f3 53.Ra4 f2 54.Ra3+ Kf4 55.Kxf2 Ke4 56.Ra5 Kf4 57.Ke2 Ke4 58.h4 Kf4
59.Kd3 Kg4 60.Ra4+ Kxh5  1-0

[Event "Torch Real Estate Cup"]
[Site "Xiapu CHN"]
[Date "2005.06.25"]
[Round "18"]
[White "Xiu Deshun"]
[Black "Wu Wenjin"]
[Result "1-0"]
[WhiteElo "2343"]
[BlackElo "2535"]

1.d4 d6 2.Nf3 Nf6 3.c4 g6 4.Nc3 Bg7 5.e4 O-O 6.Be2 e5 7.O-O Na6 8.Be3 Ng4
9.Bg5 Qe8 10.dxe5 h6 11.Bd2 Nxe5 12.Nd4 c6 13.Be3 Qe7 14.Qd2 Kh7 15.f4 Nd7
16.Bf3 Nb6 17.b3 Re8 18.Rae1 Nc5 19.Kh1 a5 20.Qc2 Nbd7 21.Bf2 Nb8 22.Nf5 Qf8
23.Nxg7 Qxg7 24.Qd2 Nba6 25.Qxd6 Qxc3 26.Bd4 Re6 27.Qd8 Bd7 28.Qxd7 Nxd7
29.Bxc3 Nb4 30.Re2 Nc5 31.g3 Rd6 32.f5 Rd3 33.Ba1 Rad8 34.fxg6+ fxg6 35.Bf6 Re8
36.Bg2 Ne6 37.Bh3 Kg8 38.Ref2 Nc5 39.Bb2 Nxe4 40.Be6+  1-0

[Event "Torch Real Estate Cup"]
[Site "Xiapu CHN"]
[Date "2005.06.25"]
[Round "18"]
[White "Ju Wenjun"]
[Black "Zhang Xiaowen"]
[Result "1-0"]
[WhiteElo "2281"]
[BlackElo "2191"]

1.d4 Nf6 2.c4 g6 3.Nc3 Bg7 4.e4 d6 5.Nf3 O-O 6.Be2 e5 7.Be3 Ng4 8.Bg5 f6
9.Bc1 Nc6 10.d5 Ne7 11.h3 Nh6 12.h4 Nf7 13.h5 f5 14.hxg6 Nxg6 15.Qc2 f4 16.Bd2 Ng5
17.Nxg5 Qxg5 18.g3 Qe7 19.O-O-O Bd7 20.Rh2 f3 21.Bd3 Rf7 22.Rdh1 Bf6 23.Nd1 c6
24.Ne3 Bg5 25.Nf5 Bxf5 26.exf5 Nf8 27.Be4 a5 28.Rh5 Bxd2+ 29.Qxd2 Rb8 30.Rh6 Qd8
31.g4 b5 32.f6 Rxf6 33.Qg5+  1-0

[Event "White Nights"]
[Site "St Petersburg RUS"]
[Date "2005.06.26"]
[Round "9"]
[White "Yevseev,D"]
[Black "Utkin,Alek"]
[Result "1-0"]
[WhiteElo "2530"]
[BlackElo "2387"]

1.d4 g6 2.c4 Bg7 3.Nf3 d6 4.Nc3 Nf6 5.e4 O-O 6.Be2 Nbd7 7.O-O e5 8.Be3 c6
9.Qc2 Qe7 10.Rad1 Re8 11.d5 c5 12.Ne1 Nf8 13.Nd3 h5 14.f3 N8h7 15.b4 b6 16.Nb5 Rd8
17.bxc5 bxc5 18.Qa4 Nd7 19.Rb1 Nb6 20.Qc2 Bf6 21.a4 Bg5 22.Bf2 Nd7 23.Rb3 a6
24.Nc3 h4 25.a5 Nhf6 26.Na4 Nh5 27.Nb6 Ra7 28.Nxc8 Rxc8 29.Rfb1 Rcc7 30.R1b2 Nf4
31.Bf1 Nxd3 32.Qxd3 Nf6 33.Qb1 Kg7 34.g3 hxg3 35.hxg3 Qd7 36.Rb8 Rc8 37.Rxc8 Qxc8
38.Rb8 Qd7 39.Qb6 Nh5 40.Qc6 Qxc6 41.dxc6 Rc7 42.Rb6 Bd2 43.Rxa6 Kf6 44.Bd3 Ng7
45.Bc2 Ne6 46.Ba4 Ke7 47.Kf1 Rc8 48.Be1 Bxe1 49.Kxe1 Nc7 50.Ra7 Kd8 51.Bb5 Ra8
52.Rxa8+ Nxa8 53.Ba6 Kc7 54.Bb7 Kb8 55.Bxa8 Kxa8 56.a6  1-0

[Event "2nd RUS Pupils Summer Boys"]
[Site "Satka RUS"]
[Date "2005.06.27"]
[Round "1"]
[White "Trofimov,SP"]
[Black "Levin,Ev"]
[Result "1-0"]
[WhiteElo "2410"]
[BlackElo "2269"]

1.d4 Nf6 2.c4 g6 3.Nc3 Bg7 4.e4 d6 5.Nf3 O-O 6.Be2 e5 7.d5 a5 8.Bg5 h6 9.Bh4 Na6
10.Nd2 Qe8 11.Rb1 Nh7 12.a3 h5 13.f3 Bh6 14.Bf2 Qe7 15.b4 axb4 16.axb4 h4
17.Qc2 Bd7 18.Nf1 Qg5 19.Rg1 Nf6 20.c5 Kg7 21.g3 Nh5 22.c6 bxc6 23.dxc6 Be6
24.Ne3 hxg3 25.hxg3 Nf6 26.Qa4 Nc5 27.Qd1 Na6 28.g4 Nh7 29.Nf5+ Bxf5 30.gxf5 Qh5
31.Nd5 Nf6 32.Nxf6 Kxf6 33.fxg6 fxg6 34.Qd5 Kg7 35.f4 Qh2 36.f5 Rf6 37.Qa2 Nc5
38.Qxa8 Nxe4 39.Qa7 Rxf5 40.Be3 Qh4+ 41.Kd1 Nc3+ 42.Kd2 Nxb1+ 43.Rxb1 Bxe3+
44.Qxe3 d5 45.b5 d4 46.Qd3 Rf2 47.Rg1 Qf6 48.b6 Qxc6 49.b7 Rf8 50.Bh5 Rf2+
51.Ke1  1-0

[Event "2nd RUS Pupils Summer Boys"]
[Site "Satka RUS"]
[Date "2005.06.28"]
[Round "2"]
[White "Levin,Ev"]
[Black "Nozdrin,A"]
[Result "1-0"]
[WhiteElo "2269"]
[BlackElo "2187"]

1.d4 Nf6 2.c4 g6 3.Nc3 Bg7 4.e4 d6 5.Nf3 O-O 6.Be2 e5 7.Be3 exd4 8.Nxd4 Nc6
9.Nc2 Re8 10.f3 Nh5 11.g4 Nf6 12.O-O h5 13.g5 Nh7 14.Qd2 Ne5 15.Kh1 Be6 16.b3 f6
17.gxf6 Qxf6 18.Nd4 Bh3 19.Nd5 Qf7 20.Rf2 c6 21.Nf4 Bd7 22.Rg1 g5 23.Rfg2 Kh8
24.Rxg5 Nxg5 25.Rxg5 Bf6 26.Rxh5+ Kg8 27.Nf5 Bxf5 28.Rxf5 Qe7 29.Nh5 Bh4
30.Bg5 Bxg5 31.Rxg5+ Kh8 32.Rg7 Qe6 33.Qg5 Rg8 34.Nf6 Qxf6 35.Rxg8+  1-0

[Event "6th Kurass Memorial"]
[Site "Kiev UKR"]
[Date "2005.06.29"]
[Round "9"]
[White "Mazurkov,A"]
[Black "Tereschenko,A"]
[Result "0-1"]
[WhiteElo "2053"]
[BlackElo "1877"]

1.d4 Nf6 2.Nf3 g6 3.c4 Bg7 4.Nc3 O-O 5.e4 d6 6.Be2 e5 7.d5 Nbd7 8.Bg5 h6
9.Bh4 a5 10.Nd2 Nc5 11.Nb3 Ncd7 12.a4 b6 13.O-O Nc5 14.Nxc5 dxc5 15.f4 Qe7
16.fxe5 Qxe5 17.Bg3 Qd4+ 18.Qxd4 cxd4 19.Nb5 Nxe4 20.Bxc7 Ra6 21.Rad1 d3
22.Bxd3 Nc5 23.Bd6 Rd8 24.Bxc5 bxc5 25.b3 f5 26.Rde1 Kf8 27.g4 Rf6 28.gxf5 gxf5
29.Rf4 Kf7 30.Kf2 Rf8 31.Be2 Kg6 32.Rg1+ Kh7 33.Bh5 Rb6 34.Re1 Bf6 35.h4 Rg8
36.Re8 Rxe8 37.Bxe8 Be5 38.Rf3 f4 39.Rd3 Bf5 40.Rd2 Rb8 41.Bc6 Bg4 42.d6 Bf6
43.Bf3 Bxh4+ 44.Kg2 Be6 45.Be4+ Kg7 46.Nc7 Bd7 47.Rd3 Kf6 48.Bd5 Bf5 49.Rf3 Ke5
50.Nb5 Bg4 51.Rd3 Rd8 52.Bf7 f3+ 53.Kh2 f2 54.Kg2 Kf6 55.Re3 Kxf7  0-1

[Event "6th EICC"]
[Site "Warsaw POL"]
[Date "2005.06.29"]
[Round "11"]
[White "Ibrahimov,R"]
[Black "Erdogdu,M"]
[Result "1-0"]
[WhiteElo "2511"]
[BlackElo "2414"]

1.Nf3 Nf6 2.c4 g6 3.Nc3 Bg7 4.e4 d6 5.d4 O-O 6.Be2 e5 7.Be3 Ng4 8.Bg5 f6
9.Bh4 Nc6 10.d5 Ne7 11.Nd2 Nh6 12.f3 g5 13.Bf2 f5 14.h3 Ng6 15.g4 fxg4 16.hxg4 Nh4
17.Rh2 c5 18.Be3 Rf4 19.Qc2 Bd7 20.O-O-O a6 21.Rdh1 Nf7 22.Bf2 Bf6 23.Kb1 Nh8
24.Nd1 N8g6 25.Ne3 b5 26.Nf5 Qb6 27.Be3 Rb8 28.Rf2 Rb7 29.cxb5 axb5 30.b4 Rc7
31.Nb3 Ne7 32.bxc5 dxc5 33.Bxc5 Nexf5 34.gxf5 Qb7 35.Qd2 Qc8 36.Rc1 g4 37.fxg4 Rxe4
38.d6 Rd4 39.Bxd4 Rxc1+ 40.Qxc1  1-0

[Event "33rd World Open"]
[Site "Philadelphia USA"]
[Date "2005.06.30"]
[Round "3"]
[White "Sarkar,J"]
[Black "Markzon,G"]
[Result "1-0"]
[WhiteElo "2392"]
[BlackElo "2204"]

1.d4 Nf6 2.c4 g6 3.Nc3 Bg7 4.e4 d6 5.Nf3 O-O 6.Be2 e5 7.O-O exd4 8.Nxd4 Re8
9.f3 c6 10.Kh1 Nh5 11.g4 Nf6 12.Bf4 h5 13.g5 Nh7 14.Qd2 Na6 15.Rad1 Qe7 16.Rg1 Be5
17.Be3 Bh3 18.f4 Bg7 19.f5 Be5 20.Qe1 Nc5 21.Qh4 Bxd4 22.Bxd4 Nxe4 23.fxg6 fxg6
24.Qxh3 Nxc3 25.Qxc3 d5 26.Bh8 Nxg5 27.Rxg5 Kh7 28.Bd3  1-0

[Event "6th EICC"]
[Site "Warsaw POL"]
[Date "2005.06.30"]
[Round "12"]
[White "Huzman,A"]
[Black "Czarnota,P"]
[Result "1-0"]
[WhiteElo "2577"]
[BlackElo "2478"]

1.d4 Nf6 2.c4 g6 3.Nc3 Bg7 4.e4 d6 5.Nf3 O-O 6.Be2 Na6 7.O-O e5 8.Be3 c6
9.d5 Ng4 10.Bg5 f6 11.Bh4 c5 12.Ne1 h5 13.Rb1 Qe7 14.Nc2 Nb4 15.h3 Nxc2 16.hxg4 Nd4
17.gxh5 g5 18.Bg3 Nxe2+ 19.Qxe2 Qf7 20.b4 b6 21.bxc5 bxc5 22.Rb3 f5 23.exf5 Bxf5
24.Ne4 Bxe4 25.Qxe4 Qxh5 26.Rfb1 Rf7 27.f3 Raf8 28.Rb7 Bh6 29.Rxf7 Rxf7 30.Rb8+ Bf8
31.a4 g4 32.Qxg4+ Qxg4 33.fxg4 Kh7 34.a5 Kg6 35.a6 Bh6 36.Rg8+ Bg7 37.Kh2 Rf1
38.Rd8 Bf8 39.Rd7 Rc1 40.Rxa7 Rxc4 41.Rd7 Ra4 42.a7 Bg7 43.Rxd6+ Kg5 44.Rd7 Bf6
45.Kh3 Kg6 46.Bf2 e4 47.Bxc5 Ra1 48.Rd6  1-0

[Event "6th EICC"]
[Site "Warsaw POL"]
[Date "2005.06.30"]
[Round "12"]
[White "Evdokimov,Alexa"]
[Black "Bednarek,S"]
[Result "0-1"]
[WhiteElo "2503"]
[BlackElo "2321"]

1.d4 Nf6 2.c4 g6 3.Nc3 Bg7 4.e4 d6 5.Nf3 O-O 6.Be2 e5 7.O-O Nbd7 8.Be3 Ng4
9.Bg5 f6 10.Bd2 Nh6 11.b4 Nf7 12.dxe5 dxe5 13.Qb3 Nb8 14.Rad1 Be6 15.Be3 Nd7
16.Ne1 Bh6 17.Bxh6 Nxh6 18.Nd3 c6 19.b5 a5 20.bxc6 bxc6 21.Qa3 Nf7 22.Nc5 Qe7
23.N3a4 Rfd8 24.h3 Ng5 25.Rd3 Nxc5 26.Qxc5 Qxc5 27.Nxc5 Rxd3 28.Bxd3 Bf7
29.Rb1 Rd8 30.Rb7 Rd4 31.Rb8+ Kg7 32.Rb7 Kf8 33.Ra7 Ne6 34.Nd7+ Kg7 35.Bc2 Rd2
36.Bb3 a4 37.Bxa4 Rxa2 38.c5 Ng5 39.Ra8 Be6 40.Ra7 Nxe4 41.Nxe5+ Kh6 42.Nxc6 Nc3
43.Nd4 Bd5 44.c6 Rxa4 45.c7 Rc4 46.f3 Rc5 47.h4 Bc4 48.g4 Ne2+ 49.Nxe2 Bxe2
50.Kf2 Bc4 51.Kg3 Be6 52.Ra6 Bc8 53.Rxf6 Rxc7 54.Rb6 Kg7 55.Rb4 Bb7 56.Rb5 Kf6
57.Rb6+ Ke5 58.Rb5+ Bd5 59.Rb8 Rf7 60.f4+ Kd4 61.Re8 Be4 62.Rb8 Rb7 63.Rd8+ Ke3
64.Re8 Rb1 65.f5 gxf5 66.gxf5 Rg1+ 67.Kh3 Rf1 68.Kg4 Rxf5 69.Rb8 h5+ 70.Kg3 Bd3
71.Rb3 Rf3+ 72.Kg2 Rf4 73.Kg3 Rf3+ 74.Kg2 Kf4 75.Ra3 Bf1+ 76.Kh2 Kg4 77.Ra4+ Rf4
78.Ra3 Kxh4 79.Rc3 Bc4 80.Rc2 Re4 81.Rc3 Rd4 82.Rh3+ Kg5 83.Rg3+ Kf4 84.Rg2 Bd5
85.Rg7 Rd1 86.Rh7 Rh1+  0-1

[Event "VISUS Open"]
[Site "Prague CZE"]
[Date "2005.07.02"]
[Round "1"]
[White "Seleljo,D"]
[Black "Tejkal,J"]
[Result "1-0"]
[WhiteElo "2271"]
[BlackElo "2033"]

1.d4 Nf6 2.Nf3 g6 3.c4 Bg7 4.Nc3 O-O 5.e4 d6 6.Be2 e5 7.d5 Nh5 8.g3 f5 9.exf5 gxf5
10.Nxe5 Nxg3 11.hxg3 dxe5 12.Bh6 Nd7 13.Bxg7 Kxg7 14.Qd2 Qf6 15.O-O-O Nc5
16.Rh5 Ne4 17.Nxe4 fxe4 18.g4 Qf4 19.Rdh1 Rh8 20.Qxf4 exf4 21.Re5 f3 22.Bd1 a5
23.Rxe4 Ra6 24.Re7+ Kf6 25.Rhxh7 Rxh7 26.Rxh7 Bxg4 27.Rxc7 Rb6 28.a3 Ke5
29.c5 Rh6 30.d6  1-0

[Event "VISUS Open"]
[Site "Prague CZE"]
[Date "2005.07.03"]
[Round "2"]
[White "Tejkal,J"]
[Black "Klecker,T"]
[Result "1-0"]
[WhiteElo "2033"]
[BlackElo "1832"]

1.d4 Nf6 2.Nf3 g6 3.c4 Bg7 4.Nc3 O-O 5.e4 d6 6.Be2 Nbd7 7.O-O e5 8.Re1 a5
9.Bf1 b6 10.h3 Re8 11.d5 Nc5 12.b3 Bd7 13.Rb1 Qe7 14.Bd2 Reb8 15.Nh2 Ne8
16.Be3 f5 17.Bxc5 bxc5 18.Bd3 fxe4 19.Bxe4 Nf6 20.Nf1 Nxe4 21.Nxe4 a4 22.bxa4 Rxb1
23.Qxb1 Bxa4 24.Re3 Qd8 25.Rf3 Bd7 26.Nfg3 Ra4 27.Nd2 Qa8 28.a3 Ra7 29.Rb3 Qf8
30.Rb8 Be8 31.Qb3 Bh6 32.Nge4 Kg7 33.Nf3 Qe7 34.g4 Bc1 35.Qb1 Bxa3 36.g5 Bb4
37.Nf6 Bf7 38.Qe4 h6 39.gxh6+ Kxh6 40.Qh4+  1-0

[Event "2nd RUS Pupils Summer Girls"]
[Site "Satka RUS"]
[Date "2005.07.03"]
[Round "6"]
[White "Ivakhinova,I"]
[Black "Minina,V"]
[Result "1-0"]
[WhiteElo "2175"]
[BlackElo "2059"]

1.d4 Nf6 2.Nf3 g6 3.c4 Bg7 4.Nc3 O-O 5.e4 d6 6.Be2 e5 7.Be3 Nc6 8.d5 Ne7
9.Nd2 Ne8 10.c5 f5 11.f3 dxc5 12.Bxc5 Nd6 13.O-O f4 14.Nb5 g5 15.Qb3 Rf6
16.Nxa7 b6 17.Nxc8 bxc5 18.Nxe7+ Qxe7 19.Rfc1 Kh8 20.a4 Rff8 21.a5 Rfb8 22.Qc2 Nb5
23.Qxc5 Qxc5+ 24.Rxc5 Nd4 25.Bd1 Rxb2 26.Nc4 Rb7 27.a6 Rba7 28.Rb1 Bf8 29.Ra5 Rxa6
30.Rxa6 Rxa6 31.Nxe5 Bc5 32.Kf1 Ra2 33.Nf7+ Kg7 34.Nxg5 Kf6 35.Nh3 Ke5 36.Nf2 Rd2
37.Ng4+ Kd6 38.Rc1 Bb6 39.h4 h5 40.Nf6 Nb5 41.Be2 Nd4 42.Bd1 Nb5 43.Nxh5 Be3
44.g3 Rf2+ 45.Ke1 Rh2 46.Rc6+ Ke5 47.gxf4+ Kd4 48.Be2 Rh1+ 49.Bf1 Na3 50.Ng3  1-0

[Event "34th TCh-GRE"]
[Site "Ermioni Argolidas GRE"]
[Date "2005.07.04"]
[Round "1"]
[White "Halkias,S"]
[Black "Zalahoras,N"]
[Result "1-0"]
[WhiteElo "2548"]
[BlackElo "2187"]

1.d4 Nf6 2.c4 g6 3.Nc3 Bg7 4.e4 d6 5.Nf3 O-O 6.Be2 e5 7.Be3 Nc6 8.d5 Ne7
9.Nd2 Ne8 10.c5 f5 11.f3 Kh8 12.Nc4 Ng8 13.b4 Bh6 14.Bf2 Bg5 15.O-O Ngf6
16.a4 h5 17.a5 fxe4 18.fxe4 Ng4 19.Bxg4 Bxg4 20.Qd3 Qe7 21.Be3 Bf6 22.c6 bxc6
23.dxc6 Be6 24.b5 Ng7 25.b6 axb6 26.axb6 Rxa1 27.Rxa1 cxb6 28.Nxb6 Qc7 29.Qb5 Rb8
30.Ncd5 Bxd5 31.Nxd5 Qc8 32.Qc4 Qe6 33.c7 Rc8 34.Qc6 Qe8 35.Qxd6  1-0

[Event "34th TCh-GRE"]
[Site "Ermioni Argolidas GRE"]
[Date "2005.07.04"]
[Round "1"]
[White "Gustafsson,J"]
[Black "Bojkov,D"]
[Result "1/2-1/2"]
[WhiteElo "2614"]
[BlackElo "2522"]

1.d4 Nf6 2.c4 g6 3.Nc3 Bg7 4.e4 d6 5.Nf3 O-O 6.Be2 Na6 7.O-O e5 8.Be3 Ng4
9.Bg5 Qe8 10.dxe5 dxe5 11.h3 h6 12.Bd2 Nf6 13.Be3 Qe7 14.a3 c6 15.b4 Nh5
16.c5 Nc7 17.Qd6 Re8 18.Rfd1 Nf4 19.Bf1 Nce6 20.Qxe7 Rxe7 21.Kh2 Nc7 22.Nd2 Nfe6
23.Nb3 Rd7 24.Rxd7 Bxd7 25.Rd1 Rd8 26.Na5 Bc8 27.Rxd8+ Nxd8 28.Nb1 Nde6 29.Nd2 f5
30.Ndc4 Ne8 31.f3 f4 32.Bc1 Nd4 33.Bb2 Kf7 34.Kg1 Ke6 35.Nd2 Bf6 36.Ndb3 Nxb3
37.Bc4+ Ke7 38.Bxb3 Nc7 39.Bd1 Nb5 40.Nc4 Nd4 41.Nd6 Kd7 42.Kf1 b6 43.Nxc8 Kxc8
44.cxb6 axb6 45.Bxd4 exd4 46.Ke2  1/2-1/2

[Event "Open A"]
[Site "Klatovy CZE"]
[Date "2005.07.04"]
[Round "3"]
[White "Kuba,S"]
[Black "Cvikl,M"]
[Result "1/2-1/2"]
[WhiteElo "2243"]
[BlackElo "2066"]

1.d4 Nf6 2.c4 g6 3.Nc3 Bg7 4.e4 d6 5.Be2 O-O 6.Nf3 e5 7.d5 a5 8.O-O Na6 9.Ne1 Nc5
10.f3 Nh5 11.Nd3 Nxd3 12.Bxd3 f5 13.Be3 f4 14.Bf2 g5 15.c5 Nf6 16.Be2 h5
17.h3 Rf7 18.Rc1 Bf8 19.cxd6 cxd6 20.Qb3 g4 21.Bb6 Qe8 22.Nb5 gxh3 23.Nc7 Rxc7
24.Rxc7 hxg2 25.Rf2 Bh3 26.Bb5 Qg6 27.Qc2 h4 28.a4 Nh5 29.Rxg2 Bxg2 30.Qxg2 Ng3
31.Kh2 Qg5 32.Qh3 Be7 33.Qe6+ Kf8 34.Bf2 h3 35.Qxh3 Kg7 36.Qg4 Qxg4 37.fxg4 Rh8+
38.Kg2 Kf8 39.Bxg3 fxg3 40.Kxg3 Bg5 41.Bf1 Bd2 42.Rxb7 Rh6 43.b3 Rf6 44.Bc4 Be1+
45.Kg2 Rf2+ 46.Kg1 Rf4 47.Be2 Rxe4 48.Kf1 Bh4 49.Ra7 Rf4+ 50.Kg2 Be1 51.Kh3 Rf2
52.Bc4 Rf3+ 53.Kg2 Rf2+ 54.Kh3 Rf3+  1/2-1/2

[Event "Open"]
[Site "Barbera del Valles ESP"]
[Date "2005.07.05"]
[Round "2"]
[White "Gomez Jurado,L"]
[Black "Perpinya Rofes,L"]
[Result "0-1"]
[WhiteElo "2292"]
[BlackElo "2381"]

1.d4 Nf6 2.c4 g6 3.Nc3 Bg7 4.e4 d6 5.Be2 O-O 6.Nf3 e5 7.d5 a5 8.Bg5 h6 9.Bh4 Na6
10.Nd2 Qe8 11.a3 Bd7 12.O-O Nh7 13.f3 h5 14.Kh1 Bh6 15.Bf2 Qe7 16.Qc2 h4
17.Rfd1 Bf4 18.Nf1 Kg7 19.b3 Rh8 20.Rab1 Nf6 21.Bd3 Nh5 22.Ne2 Bg5 23.b4 axb4
24.axb4 Qf6 25.Ng1 Bf4 26.Ne2 h3 27.Nxf4 Nxf4 28.g3 Nxd5 29.Be2 Ndxb4 30.Qd2 Ba4
31.Rdc1 c5 32.Be3 Nc7 33.g4 Bc6 34.Ng3 Ra2 35.Rb2 Rxb2 36.Qxb2 Nd3 37.Qd2 Nxc1
38.Qxc1 Ne6 39.g5 Qd8 40.Qd2 Nd4 41.Bxd4 cxd4 42.f4 Qb6 43.Bd3 Ra8 44.Kg1 Ra1+
45.Nf1 Qa5 46.Qf2 Qe1 47.fxe5 Qxf2+ 48.Kxf2 dxe5  0-1

[Event "34th TCh-GRE"]
[Site "Ermioni Argolidas GRE"]
[Date "2005.07.06"]
[Round "3"]
[White "Avrukh,B"]
[Black "Bojkov,D"]
[Result "1-0"]
[WhiteElo "2652"]
[BlackElo "2522"]

1.d4 Nf6 2.c4 g6 3.Nc3 Bg7 4.e4 d6 5.Nf3 O-O 6.Be2 Na6 7.O-O e5 8.Be3 Ng4
9.Bg5 Qe8 10.c5 dxc5 11.Bxa6 bxa6 12.Nd5 Rb8 13.dxe5 Nxe5 14.Nf6+ Bxf6 15.Bxf6 Nd7
16.Bc3 f6 17.Qd2 Rb6 18.Rfe1 Bb7 19.Qf4 Rd6 20.Qg3 Re6 21.Qxc7 Bxe4 22.Nd2 Bd5
23.Nf1 Qc8 24.Qf4 Rfe8 25.Rxe6 Rxe6 26.Ne3 Bb7 27.Rd1 Qc6 28.Qg3 Kf7 29.Nc4 Ne5
30.Bxe5 fxe5 31.Qg4 Qc7 32.h4 h5 33.Qg5 Kg7 34.Ne3 Rf6 35.Nc4 Rf5 36.Qg3 Bc6
37.Nd6 Rf4 38.Qg5 Kh7 39.Qxe5 Rxh4 40.Qf6 Rd4 41.Rxd4 cxd4 42.Nf7 Qc8 43.Ng5+ Kh6
44.Ne6 Qg8 45.g4  1-0

[Event "DMP 1st League"]
[Site "Koszalin POL"]
[Date "2005.07.06"]
[Round "2"]
[White "Klim,K"]
[Black "Mucha,R"]
[Result "0-1"]
[WhiteElo "1955"]
[BlackElo "2007"]

1.d4 Nf6 2.c4 g6 3.Nc3 Bg7 4.e4 d6 5.Nf3 O-O 6.Be2 e5 7.d5 a5 8.h3 Na6 9.Bg5 Qe8
10.Nd2 h6 11.Be3 Nh7 12.g4 Bd7 13.h4 f5 14.exf5 gxf5 15.gxf5 Bxf5 16.Nde4 Nf6
17.Bf3 Qg6 18.Ng3 Bd3 19.Be2 Nb4 20.Rc1 Bxe2 21.Kxe2 Qg4+ 22.Ke1 Qxc4 23.b3 Qd3
24.a3 Qxd1+ 25.Rxd1 Na6 26.Rg1 Kh7 27.Nf5 Rf7 28.Ng3 Rg8 29.Nge4 Nxe4 30.Nxe4 Bf8
31.Ke2 Rxg1 32.Rxg1 Be7 33.h5 Rg7 34.Rxg7+ Kxg7 35.Bd2 b6 36.Be3 Nb8 37.f3 Bh4
38.Kd3 Be1 39.Ke2 Bh4 40.Kd2 Nd7 41.Kd3 Be1 42.Ke2 Bh4 43.Kd3 Be7 44.Ng3 Nf6
45.Nf5+ Kf7 46.Nxh6+ Ke8 47.Ng4 Nxh5 48.Bf2 Nf4+ 49.Ke4 Kd7 50.Be3 Ne2 51.Bd2 Ng3+
52.Kd3 Nf5 53.Nh6 Nd4 54.f4 Nxb3 55.Be3 exf4 56.Bxf4 Bf6 57.Kc4 Nc5 58.Kb5 Bb2
59.a4 Ne4 60.Kc4 Ba1 61.Be3 Be5 62.Nf7 Bg7 63.Ng5 Nc3 64.Ne6 Be5 65.Nf8+ Kc8
66.Ng6 Bf6 67.Nf4 Nxa4 68.Kb5 Nc3+ 69.Kc6 Bg5 70.Ne2 Nxe2  0-1

[Event "LXVIII ch-CRC"]
[Site "San Jose Julio CRC"]
[Date "2005.07.06"]
[Round "4"]
[White "Murillo,Alex"]
[Black "Valdes,Le"]
[Result "0-1"]
[WhiteElo "2362"]
[BlackElo "2362"]

1.d4 Nf6 2.c4 g6 3.Nc3 Bg7 4.e4 d6 5.Nf3 O-O 6.Be2 e5 7.d5 Na6 8.Bg5 h6 9.Bh4 g5
10.Bg3 Nxe4 11.Nxe4 f5 12.Nfd2 fxe4 13.Nxe4 Bf5 14.Bd3 g4 15.h3 gxh3 16.gxh3 Bxe4
17.Bxe4 Nc5 18.Qc2 Qg5 19.O-O Nxe4 20.Qxe4 Rf4 21.Qe2 Raf8 22.Kh2 Rf3 23.Rg1 Qf5
24.Rae1 h5 25.Qe4 Qxe4 26.Rxe4 Kh7 27.Rg2 Rd3 28.f4 h4 29.Bxh4 Rxf4 30.Rxf4 exf4
31.Bg5 Be5 32.Rg4 f3+  0-1

[Event "2nd RUS Pupils Summer Boys"]
[Site "Satka RUS"]
[Date "2005.07.06"]
[Round "9"]
[White "Rakhmanov,A"]
[Black "Nozdrin,A"]
[Result "1-0"]
[WhiteElo "2237"]
[BlackElo "2187"]

1.d4 Nf6 2.c4 g6 3.Nc3 Bg7 4.e4 d6 5.Nf3 O-O 6.Be2 e5 7.O-O exd4 8.Nxd4 Nc6
9.Be3 Re8 10.f3 Nh5 11.Nxc6 bxc6 12.Qd2 Qe7 13.Rfe1 f5 14.Bd3 Qf7 15.c5 f4
16.Bf2 Be5 17.Rac1 Be6 18.Ne2 Bxa2 19.Nd4 Bxd4 20.Bxd4 d5 21.b4 dxe4 22.Bxe4 Bd5
23.Bd3 Rad8 24.Rxe8+ Qxe8 25.Re1 Qd7 26.Ba1 Bxf3 27.gxf3 Qxd3 28.Re8+ Rxe8
29.Qxd3 Re1+ 30.Kg2 Rxa1 31.Qd8+ Kf7 32.Qxc7+ Kf6 33.Qxc6+ Kg5 34.Qd5+ Kh4
35.Qe6  1-0

[Event "FSGM July"]
[Site "Budapest HUN"]
[Date "2005.07.07"]
[Round "6"]
[White "Thorfinnsson,Br"]
[Black "Lorscheid,G"]
[Result "1-0"]
[WhiteElo "2328"]
[BlackElo "2285"]

1.d4 d6 2.Nf3 Nf6 3.c4 g6 4.Nc3 Bg7 5.e4 O-O 6.Be2 e5 7.O-O exd4 8.Nxd4 Re8
9.f3 c6 10.Kh1 Nh5 11.g4 Nf6 12.Nc2 h5 13.h3 Nh7 14.Bf4 Be5 15.Bxe5 dxe5
16.Qxd8 Rxd8 17.Rad1 Re8 18.gxh5 gxh5 19.f4 Bxh3 20.Rg1+ Kf8 21.Rd6 Nd7 22.Kh2  1-0